Word Ladder: Univocalic Lipogram Quiz Stats

 Plays Quiz Updated Jul 11, 2020

Support Sporcle.
Go Orange.
Score 0/24 Timer 02:00
0 Plays Today
Clue 4-Letter Word % Correct
Rapper SnoopDogg
88.2%
Well-behavedGood
81.4%
Olympian's quest?Gold
80.1%
Lady and the Tramp, e.g.Dogs
76.9%
Gunk; sludgeGoop
76.5%
Not timidBold
76.5%
Tire outPoop
64.7%
RoosterCock
61%
Dukes of Hazzard bossHogg
56.6%
Denver's home: Abbr.Colo
55.9%
SurveyPoll
55.7%
Fashion's ChanelCoco
55.2%
Clue 4-Letter Word % Correct
2008 Disney Animated MovieBolt
55.1%
Business card graphicLogo
53.4%
90s toy fadPogs
52.3%
Summer coolerPool
51.9%
Sloppy eatersHogs
51.8%
Neighbor of GhanaTogo
47.3%
Canal deviceLock
46.5%
Indianapolis proColt
44.6%
Gonzo; nutsLoco
43%
Campaign prosPols
41.8%
Electrical unitVolt
41%
Outfits; ClothesTogs
40.3%

Today's Daily Dose

You're not logged in!

Compare scores with friends on all Sporcle quizzes.
OR
Log In
Forgot?

From the Vault

Elected President and Vice President

by hscer

These people sure know how to win an election.
Remove Ads.
Support Sporcle.
Get the best of Sporcle when you Go Orange. This ad-free experience offers more features, more stats, and more fun while also helping to support Sporcle. Thank you for becoming a member.

Show Comments

Extras

Top Quizzes Today


Score Distribution

Your Account Isn't Verified!

In order to create a playlist on Sporcle, you need to verify the email address you used during registration. Go to your Sporcle Settings to finish the process.

Report this User

Report this user for behavior that violates our Community Guidelines.

Details: